Phân lập vi khuẩn nội sinh trong cây khóm (Ananas comosus [L.]) trồng ở huyện Bến Lức tỉnh Long An : Luận văn tốt nghiệp cao học. Ngành Sinh thái học

Nội dung đề tài là phân lập một số vi khuẩn nội sinh trong cây khóm trồng ở huyện Bến Lức tỉnh Long An, nhận diện vi khuẩn nội sinh bằng kỹ thuật PCR, khảo sát một số đặc tính tốt của vi khuẩn....

Πλήρης περιγραφή

Αποθηκεύτηκε σε:
Λεπτομέρειες βιβλιογραφικής εγγραφής
Κύριος συγγραφέας: Nguyễn, Ái Chi
Μορφή: Βιβλίο
Γλώσσα:Undetermined
Έκδοση: Cần Thơ Trường Đại học Cần Thơ 2009
Θέματα:
Ετικέτες: Προσθήκη ετικέτας
Δεν υπάρχουν, Καταχωρήστε ετικέτα πρώτοι!
Thư viện lưu trữ: Trung tâm Học liệu Trường Đại học Cần Thơ
LEADER 01173nam a2200217Ia 4500
001 CTU_152138
008 210402s9999 xx 000 0 und d
082 |a 660.63 
082 |b Ch300 
088 |a 60420120 
100 |a Nguyễn, Ái Chi 
245 0 |a Phân lập vi khuẩn nội sinh trong cây khóm (Ananas comosus [L.]) trồng ở huyện Bến Lức tỉnh Long An : 
245 0 |b Luận văn tốt nghiệp cao học. Ngành Sinh thái học 
245 0 |c Nguyễn Ái Chi; Lê Văn Bé, Cao Ngọc Điệp (cán bộ hướng dẫn) 
260 |a Cần Thơ 
260 |b Trường Đại học Cần Thơ 
260 |c 2009 
520 |a Nội dung đề tài là phân lập một số vi khuẩn nội sinh trong cây khóm trồng ở huyện Bến Lức tỉnh Long An, nhận diện vi khuẩn nội sinh bằng kỹ thuật PCR, khảo sát một số đặc tính tốt của vi khuẩn. 
650 |a Biochemical engineering,Kỹ thuật sinh hóa 
904 |i Năm, Ái 
980 |a Trung tâm Học liệu Trường Đại học Cần Thơ